Words Starting With L - Statistics

General Stats
  • This quiz has been taken 39 times
  • The average score is 66 of 100
Answer Stats
Hint Answer % Correct
where scientists do research Lab
100%
female Lady
100%
children sit on their grandpas _____ to hear stories Lap
100%
a yellow fruit Lemon
100%
where you buy books Library
100%
opposite of death Life
100%
illumination Light
100%
used to remind what you need to buy List
100%
opposite of short Long
100%
2nd meal of the day Lunch
100%
shortage Lack
97%
a red bug Ladybug
97%
baby sheep Lamb
97%
huge Large
97%
a ferocious wild cat Lion
97%
you put chapstick on it Lip
97%
hear Listen
97%
an organ used to breath Lung
97%
a freshwater body of water Lake
95%
magma Lava
95%
a jeans company Levis
95%
used to close jars Lid
95%
cannot be found Lost
95%
used to climb up Ladder
92%
what car seats are made of Leather
92%
used to walk Leg
92%
a Madagascar primate Lemur
92%
an organ to digest food Liver
92%
used to tie shoes Lace
89%
keeps doors shut Lock
89%
suitcase Luggage
89%
found on trees Leaf
86%
a worm-like creature that sucks blood Leech
86%
a yellow drink Lemonade
86%
a ferocious wild cat Leopard
86%
parts of trees on the ground Log
86%
official rules of a state or country Law
84%
going home Leave
84%
a flower Lilly
84%
a reptile Lizard
84%
the ground Land
81%
a piece of glass used to see Lens
81%
used to help ships in the dark Lighthouse
81%
a green fruit Lime
81%
the one in charge Leader
78%
where water breaks out of the pipe Leak
78%
weapons in Star Wars Lightsaber
78%
artifical source of illumination Lamp
76%
arms Limbs
76%
small Little
76%
a camel relative Llama
76%
a crustecean Lobster
76%
use eyes to ____ Look
76%
a shape with 1 side Line
73%
a type of make up Lipstick
73%
names on clothing Label
70%
a shade of purple Lavender
70%
an envelope Letter
70%
it makes sense Logic
70%
owner of the house Landlord
68%
used when ships are sinking Lifeboat
68%
trash Litter
65%
a ferocious wild cat Lynx
65%
rich mans car Lamborghini
62%
computer Laptop
62%
a story handed down through generations Legend
62%
how many times to run around a space Laps
59%
a type of pasta Lasagna
54%
skin-tight one piece garment Leotard
54%
a vegetable Lettuce
54%
a type of pasta Linguini
54%
trains Locomotive
51%
pants Leggings
49%
a rich man car Limousine
49%
used to melt things Laser
46%
a unit of measurement Length
43%
a room under the roof of a house Loft
41%
in universe history behind comics; tv shows; or games Lore
41%
a cricket relative Locust
35%
a freshwater bird Loon
35%
for rich people Luxury
32%
an Arctic rodent Lemming
30%
union of individuals League
27%
the state of being responsible Liability
27%
cabin Lodge
27%
a flower Lotus
27%
freedom from captivity or control Liberty
24%
artificial source of illumination Lantern
22%
a vegetable in the pea family Legumes
22%
features of given area around land Landscape
16%
a 40 cm tall plant Lentils
16%
a sweet dessert Lollipop
16%
permission to do something License
11%
a type of prosminian Loris
8%
a sweet snack Licorice
5%
humid; warm Lush
5%
a state of feeling tired Lamgur
3%
a bird found around ponds Lapwig
3%
a small plant Lichen
3%
women clothing Lingerine
3%
No matching quizzes found
Score Distribution
Percent of People with Each Score
Percentile by Number Answered
Your Score History
You have not taken this quiz